MAASAI MARA UNIVERSITY

LIBRARY CATALOGUE

Contact Us: +254 020 2685356/7 or 0774 057787

Box: 861-20500, NAROK, KENYA

Email: info@mmarau.ac.ke

Controlled Flight into Terrain (Record no. 16557)

MARC details
000 -LEADER
fixed length control field 00605nam a22002057a 4500
003 - CONTROL NUMBER IDENTIFIER
control field OSt
005 - DATE AND TIME OF LATEST TRANSACTION
control field 20170518100037.0
008 - FIXED-LENGTH DATA ELEMENTS--GENERAL INFORMATION
fixed length control field 160229b xxu||||| |||| 00| 0 eng d
020 ## - INTERNATIONAL STANDARD BOOK NUMBER
International Standard Book Number 0071374116
040 ## - CATALOGING SOURCE
Original cataloging agency mmu
Language of cataloging eng
Transcribing agency mmu
Modifying agency mmu
050 ## - LIBRARY OF CONGRESS CALL NUMBER
Classification number TL553.5
Item number .R45 2001
100 ## - MAIN ENTRY--PERSONAL NAME
Personal name Smith, R. Daryl
245 ## - TITLE STATEMENT
Title Controlled Flight into Terrain
Remainder of title Controlling Pilot Error
Statement of responsibility, etc. Daryl, R. Smith
260 ## - PUBLICATION, DISTRIBUTION, ETC. (IMPRINT)
Place of publication, distribution, etc. New York
Name of publisher, distributor, etc. McGraw-Hill
Date of publication, distribution, etc. 2001
300 ## - PHYSICAL DESCRIPTION
Extent xviii; 352p.
440 ## - SERIES STATEMENT/ADDED ENTRY--TITLE
Title vol.4
500 ## - GENERAL NOTE
General note includes indexes
650 ## - SUBJECT ADDED ENTRY--TOPICAL TERM
Source of heading or term aviation safety guidelines
Topical term or geographic name as entry element Controlled Flight into Terrain
942 ## - ADDED ENTRY ELEMENTS (KOHA)
Source of classification or shelving scheme Library of Congress Classification
Koha item type L
Holdings
Withdrawn status Lost status Source of classification or shelving scheme Damaged status Not for loan Home library Current library Date acquired Source of acquisition Total Checkouts Full call number Date last seen Price effective from Koha item type
    Library of Congress Classification     Maasai Mara University Library -Main Campus Maasai Mara University Library -Main Campus 02/29/2016 Donation   TL 553.5 .R45 2001 02/29/2016 02/29/2016 L
© 2016 Maasai Mara University.